| 000 | 01811cam a2200337 i 4500 | ||
|---|---|---|---|
| 999 |
_c11451 _d11451 |
||
| 001 | 18316633 | ||
| 003 | OSt | ||
| 005 | 20191231145435.0 | ||
| 008 | 140925s2015 cau b 001 0 eng | ||
| 010 | _a 2014034736 | ||
| 020 | _a9789351500421 (hardback : alk. paper) | ||
| 040 |
_aDLC _beng _coclc _erda |
||
| 042 | _apcc | ||
| 043 | _ad------ | ||
| 050 | 0 | 0 |
_aHG178.33.D44 _bN393 2015 |
| 082 | 0 | 0 |
_a332 _223 _bNAY/S |
| 100 |
_aNayak, Binod B _9989 |
||
| 245 | 1 | 4 |
_aThe Synergy of Microfinance : _bFighting poverty by moving beyond credit / _cBinod B. Nayak |
| 264 | 1 |
_aThousand Oaks : _bSAGE Publications India Pvt Ltd, _c[2015]. |
|
| 300 |
_a290 p _c25 cm |
||
| 336 |
_atext _btxt _2rdacontent |
||
| 337 |
_aunmediated _bn _2rdamedia |
||
| 338 |
_avolume _bnc _2rdacarrier |
||
| 504 | _aIncludes bibliographical references and index. | ||
| 505 | 0 | _aPrologue -- Introduction -- On poverty : who are the poor? : why poverty persists? -- Borrowing and saving : a critique -- How small loans can make a big difference : the birth of microcredit and its evolution into microfinance and beyond -- Microcredit : anatomy of an instrument that revolutionized -- Lending -- Microsavings : voluntary savings for the poor -- Microinsurance -- Microleasing : improving access to tools and technology -- Remittances, payment systems and microfinance -- Complementary non-financial services -- Critiquing microfinance -- The synergy -- Bibliography -- Index -- About the author. | |
| 650 | 0 |
_aMicrofinance _zDeveloping countries. |
|
| 650 | 0 |
_aPoor _xServices for _zDeveloping countries. |
|
| 906 |
_a7 _bcbc _corignew _d1 _eecip _f20 _gy-gencatlg |
||
| 942 |
_2ddc _cBK _h332 _iNAY/S _k332 _mNAY/S |
||